Estadísticas para Películas de Martin Scorsese

Haz click aquí para intentar la prueba.

Estadísticas generales

  • Esta prueba ha sido intentada 128 veces
    (125 desde el último reinicio)
  • La puntuación promedio es 12 de 26

Estadísticas de respuestas

AñoRepartoPelícula% Correcto
1976Robert De Niro, Jodie FosterTaxi Driver
89%
2013Leonardo DiCaprio, Margot RobbieEl Lobo de Wall Street
84%
2019Robert De Niro, Al PacinoEl Irlandés
80%
1995Robert De Niro, Sharon StoneCasino
72%
2006Leonardo DiCaprio, Matt DamonInfiltrados
64%
1980Robert De Niro, Joe PesciToro Salvaje
63%
1990Ray Liotta, Robert De NiroUno de los Nuestros
63%
2004Leonardo DiCaprio, Cate BlanchettEl Aviador
61%
2002Leonardo DiCaprio, Daniel Day LewisGangs of New York
61%
2010Leonardo DiCaprio, Mark RuffaloShutter Island
58%
2016Andrew Garfield, Adam DriverSilencio
50%
1986Paul Newman, Tom CruiseEl Color del Dinero
48%
1988Willem Dafoe, Harvey KeitelLa Última Tentación de Cristo
46%
1973Harvey Keitel, Robert De NiroMalas Calles
46%
1993Daniel Day Lewis, Winona RyderLa Edad de la Inocencia
42%
1991Nick Nolte, Robert De NiroEl Cabo del Miedo
41%
1982Robert De Niro, Jerry LewisEl Rey de la Comedia
39%
2011Asa Butterfield, Ben KingsleyLa Invención de Hugo
39%
1977Robert De Niro, Liza MinelliNew York, New York
33%
1989Nick Nolte, Steve BuscemiHistorias de Nueva York
24%
1985Griffin Dunne, Rosana ArquetteJo, que noche
24%
1974Ellen Burstyn, Kris KristoffersonAlicia Ya No vive Aquí
21%
1997Tencho Gyalpo, Tenzin TopjarKundun
17%
1967Harvey Keitel, Zina Bethune¿Quién llama a mi puerta?
12%
1972Barbara Hershey, David CarradineEl Tren de Bertha
11%
1999Nicolas Cage, John GoodmanAl Límite
9%

Distribución de puntuación

Porcentaje por número respondido

Porcentaje de gente con cada puntuación

Historial de tus puntuaciones

No has intentado esta prueba desde el último reinicio